000 00481nam a2200193 a 4500
001 13340
003 CO-ViMGA
008 141112s2004 ck r 000 u spa d
020 _a9580443912
040 _aCO-ViMGA
_bspa
_cCO-ViMGA
082 0 4 _aA863 S157o
100 1 _aSanta Ana, Antonio
_919537
245 1 0 _aLos ojos del perro siberiano
260 _aBogotá :
_bNorma,
_c1998
300 _a132p
490 _aZona Libre
650 1 4 _aNOVELA ARGENTINA
_92131
942 _2ddc
_cBK
999 _c24087
_d24087